00500nam a2200169Ia 4500003000400000008004100004040001600045082001600061100002300077245010000100700001800200260003900218300001000257650001900267650001300286650003100299GCL140319s9999 xx 000 0 eng d aGCL / cGCL04a025.06bB A1 aBATTLE, STAFFORD L10aTHE AFRICAN AMERICAN RESOURCE GUIDE TO THE INTERNET AND ON LINE SERVICES / cBATTLE, STAFFORD L1 aHARRIS, REY O a[S.N] : bMC GRAW - HILL ، c1996 a217 P04aWORLD WIDE WEB04aINTERNET04aAMERICAN COMPUTER NETWORK